000 00680nam a2200289Ia 4500
005 20260324141924.0
008 008 260324s9999 xx 000 0 eng d
020 _a9780203054130
037 _aEBOOK
040 _aCRL
040 _beng
040 _cCRL
041 _2eng
041 _aeng
084 _qCRL
100 _aPeter N. Peregrine
_91210017
245 0 _aArchaeology of the Mississippian Culture
245 2 _bA Research Guide
260 _bTaylor and Francis
260 _c1996
365 _a
365 _b230
856 _uhttp://www.taylorfrancis.com/books/9780203054130
942 _cEBOOK
999 _c1813624
_d1813624